000 00952nam a2200277 i 4500
001 000011831
003 DO-SdBNP
005 20250207094200.0
007 ta
008 091028s200u dr ac 000 f spa d
040 _aDO-SdBNP
_bspa
_cBNPHU
_erda
082 _aRD863.44
_bC183j
_222
100 1 _aCaminero, Salvinia
_927996
_eautora
_4aut.
245 1 0 _aJosé Olivorio Mateo :
_bcurandero guerrillero /
_cSalvinia Caminero.
264 1 _aSan Juan de la Maguana, República Dominicana :
_bEditora Logos,
_c[200-],
300 _a156 páginas
_bilustraciones, retratos. ;
_c22 cm.
336 _atexto
_btxt
_2rdacontent
337 _asin mediación
_bn
_2rdamedia
338 _avolumen
_bnc
_2rdacarrier
500 _aIncluye datos biográficos de la autora en la contraportada.
590 _aInventariado, 2025/ YL
650 0 _aNovela histórica dominicana.
_9860
650 0 _aLiteratura dominicana.
_967
910 _aYLockward
942 _2ddc
_cLBS1
999 _c11505
_d11505